Quizzes
Events
Quiz Creation
Community
Videos
Private Events
Remove Ads
Sign In
Join for FREE
Feedback
Dark Mode
Quiz Categories
Sports
Geography
Music
Movies
Television
Just For Fun
Miscellaneous
History
Literature
Language
Science
Gaming
Entertainment
Religion
Holiday
For Kids
Quiz Lab
Recent
Popular Today
Quiz Kudos Today
Editor Picks
Curator Picks
Quizzes by...
Day
Popularity
Type
Ratings
Length
Year
Community
Subscriptions
Recent Discussions
Orange Saloon
Badges
Playlists
Quests
Create
Leaderboards
Showdown
Live 5
Trivia Bingo
Activity
Puzzle Library
Sporcle Events
Private Events
Virtual Trivia
Globe League
Become a Host
Pub Owners
SporcleCon
Opinionation
Our Games
Videos
Blog
Mobile Apps
Partnerships
Remove Ads and Go Orange
Feedback
Just For Fun
Clickable
Get the Picture
Humor
Quick Pick
Word Ladder
Missing Word
Mixed Word
Blitz
Minefield
This or That
Alphabet
Color
Typing
Sporcle
Puzzle
Word Play
Follow That Line
Logic
Just For Fun
Clickable
Get the Picture
Humor
Quick Pick
Word Ladder
Missing Word
Mixed Word
Blitz
Minefield
This or That
Alphabet
Color
Typing
Sporcle
Puzzle
Word Play
Follow That Line
Logic
Random Quiz
Search Sporcle
×
Quiz Lab
Quiz Lab
Just For Fun
Wrestling Figures
Type in answers that appear in a list
Type in answers that appear in a list
Classic
Best Score? Go Orange.
New Generation Wrestling Stats
Can you name the Facts on New Generation Wrestling?
By
Kevington
10m
52 Questions
15 Plays
15 Plays
15 Plays
Comments
Comments
Give Quiz Kudos
Give Quiz Kudos
-
- Ratings
hide this ad
Random Order
Randomize order of answers
Randomize order of answers
Replay
Link that replays current quiz
Next Quiz
Link to next quiz in quiz playlist
You Got
0%
They Got
Avg Score
59%
Avg Friend Score
Upgrade to see
Score Distribution
Jump to the score distribution portion of the page
Score
0/52
Timer
10:00
0
Plays Today
2008 - 2010
Full Answers Please
% Correct
Who is NGW's resident superhero?
Matt Myers
80%
Who did Nathan Cruz have a bitter rivalry with over a nickname?
Alex Shane
80%
Who is 'NGW Management' ?
Mark Criteria
73.3%
Who is 'The Showstealer' ?
Nathan Cruz
73.3%
Name a former member of 'The Elite'
Mark Criteria
73.3%
Nathan Cruz's 'Agent'
Richie West
73.3%
Out of the entire roster, Who is the only man to have been on every NGW Show?
Mark Criteria
73.3%
Who is the 'Chavy Waterboy' ?
Kev Cash
73.3%
Who was the very first NGW Champion?
Alex Cyanide
66.7%
What colour is associated with NGW?
Green
66.7%
The Chairman was a roster member, what was his wrestling name?
Darren Mason
66.7%
Name a former member of 'The Elite'
Darren Mason
66.7%
Name a former member of 'The Elite'
Jack Gallagher
66.7%
Name a former member of 'The Elite'
Alex Cyanide
66.7%
NGW's Head Trainer?
El Ligero
66.7%
Cruz Enterprises 'Head of Security'
Colossus Kennedy
66.7%
The name of the Centre where NGW is from
Eastmount
66.7%
Catch-
as-
catch-
can?
Jack Gallagher
66.7%
James Tyler defeated Adam James Bullivant in a Chain Match at which event?
Chain Reaction
66.7%
Former NGW Head Referee
Mikey Fitzgerald
66.7%
SC Supreme's Tag Team Partner?
Bam Bam Barton
66.7%
What month in 2008 was NGW launched?
May
60%
Who was the second ever NGW Champion?
Sam Bailey
60%
The Showstealer's former nickname?
Prima Donna
60%
Name a former member of 'The Elite'
Adam James Bullivant
60%
Name a former member of 'The Elite'
David Harold
60%
2008 - 2010
Full Answers Please
% Correct
Name a former member of 'The Elite'
Paul Malen
60%
Name a former member of 'The Elite'
Sam Baxter
60%
This man loves to swing his balls!
Dave Rayne
60%
At the very first Summer Smash Brawl, Who did Dave Rayne defeat in a 2 out of 3 falls match?
Mick Romeo
60%
This man is Textbook, Baby!
Dave Breaks
60%
The guy that goes around filming things
Andy Dye
60%
Mark Criteria's 'Hired Gun'
Paul Malen
60%
NGW's First Ring Announcer
David Harold
60%
What is Danny V's Finisher?
450
60%
Danny V & Avian?
Storr Brothers
53.3%
Who is 'NGW Chairman' ?
Luke Ingamells
53.3%
The event held during the summer
Summer Smash Brawl
53.3%
Who never wears footwear in the ring?
Scott Adams
53.3%
How many members are in Cruz Enterprises?
5
53.3%
The winner of NGW's First Trainee's Award
Rich Hale
53.3%
Happy Go Lucky!
James Tyler
53.3%
Current NGW Head Referee
Steve Waudby
53.3%
Can you tell me the name of the NGW Site in full?
www.hullwrestling.com
53.3%
Masked wearing hero
Shinobi
46.7%
Who is Nathan Cruz's 'Girlfriend' ?
Melanie Price
46.7%
What is Avian's Finisher?
Shooting Star Press
46.7%
What is Nathan Cruz's Finisher?
Hullywood Boulevard
46.7%
Is he too hot and spicy for you?
Dara Diablo
40%
What is Matt Myers Finisher?
Mattliner
40%
What is Colossus Kennedy's Finisher?
Skull Crusher
33.3%
Who was the very first NGW referee?
Chris Navier
13.3%
Quiz Playlist
Details
Report
Send in Message
Add To Playlist
Classic:
Type in answers that appear in a list
Random Order:
Randomize order of answers
Last Updated: Feb 16, 2017
Quiz Scoreboard
CHALLENGE
Sign Up to Join the Scoreboard
Show All
Scores
Hide
Comments
May contain spoilers
Recently Published
One Thing in Common: World Cities II
by knightlancer
Geography
7m
Popular People in 1961
by mucciniale
History
6m
1-10 Letter E Words III
by El_Dandy
Language
2m
More to Explore
Quiz From the Vault
Featured Blog Post
Where Did the Easter Bunny Come From?
hide this ad
You Might Also Like...
Tags
Wrestling
Wrestling Champions
Wrestling Figures
Wrestling Heels
Wrestling Manager
Wrestling Match
Today's Top Quizzes in Just For Fun
Browse Just For Fun
hide this ad
Top Contributed Quizzes in Just For Fun
1
Harry Potter Logic - 'In Chains' II
2
Survivor Winners Logic Puzzle
3
Crossword Whiteout! 49
4
Letter's Position in the Alphabet Blitz
5
Thermometer Puzzle 25
6
Aquarium Logic Puzzle 17
7
Big Thermometer Puzzle 21
8
Clickable 1 to 100 Minefield
9
K-Pop Idol Olympics Logic Quiz II
10
Tapa Puzzle
Explore More
Trending Topics
Harry Potter
Anime
Crossword
NBA
Disney
Kpop
Marvel
Puzzle
NFL
Soccer
The Office
Country
Song
Pokémon
WWE
hide this ad
More By:
Kevington
Quiz
Plays
Rating
Category
Featured
Created
New Generation Wrestling
15
5.00
Just For Fun
Sep 22, 2010
Go to Creator's Profile
Score Distribution
Quiz Creator Spotlight
Kevington
Follow
Send a Message
Quizzes Created
-
Created Quiz Play Count
-
More By This Creator
Popular Quizzes Today
1
Find the US States - No Outlines Minefield
2
The Countries of the World
3
Popular People in 1961
4
Find the Countries of Europe - No Outlines Minefield
5
1-10 Letter E Words III
6
Find the US States
7
One Thing in Common: World Cities II
8
US States
More Just For Fun Quizzes
Four Way Intersection
Published
Trending Quizzes
1-10 Letter F Words
1-10 Letter G Words
Risky Map Clicking: Next State Alphabetically
1-10 Letter F Words II
Risky Map Clicking: States by Unique Starting Letters
Recently Updated
Leaping Animals
pecheneg
Reality TV Shows (A-Z)
bhenderson79
Rickey Henderson's Hall of Fame Teammates
pecheneg
Champions League XIs: Arsenal
pecheneg
Quick Pick: Celebrities in WWE's Hall of Fame
aduchscher
A-Z Keypad Blitz II
pecheneg
Multiple Oscar Actors
pecheneg
Mystery Phrase Blitz: Oscar 'Best Actors'
pecheneg
F. Scott Fitzgerald Novels
LTH
Pick 3 Villains
ddd62291
Trending Topics
Kpop
Disney
Harry Potter
Crossword
Anime
Marvel
NBA
NFL
Soccer
Pokémon
Song
The Office
WWE
Puzzle
Country
Your Account Isn't Verified!
In order to create a playlist on Sporcle, you need to verify the email address you used during registration. Go to your
Sporcle Settings
to finish the process.
Report this User
Report this user for behavior that violates our
Community Guidelines
.
Details:
Send Report
Go to the Sporcle.com Mobile Site →
Comments